000 00308 a2200145 4500
001 179330
020 _a
040 _cMagnum
100 _aPrado, Lucilia de Almeida
240 1 0 _aPor causa do amor
_lpor
245 1 0 _aPor causa do amor
362 0 _a1899
697 _aMAGNITO: IJ/ANIMAIS
942 _cBK
999 _c179330
_d179330